000 00597cam a2200205 4500
001 D3444
008 090401t1932 xxu||||| |||| 00| 0 eng d
035 _a(Sirsi) u73347
041 _aeng
050 _a692.8
100 _aEmden, Alfred E
245 _aEmden and Watson`s Building contracts and practice, being a fifth edition of Emden`s Building Contracts, building leases, and building statues
260 _aLondon
_bButterworths
_c1932
300 _ax1,389p. ; 25cm
350 _a0
520 _aSabin Collection no. 58
700 _aWatson, W.E.
942 _n0
948 _c04/03/1997
999 _c95577
_d95577